Psychická záťaž v laboratórnych a terénnych podmienkach /

Salvato in:
Dettagli Bibliografici
Autore principale: Daniel, Jozef (Autore)
Natura: Libro
Lingua:slovacco
Pubblicazione: Bratislava : Veda, 1984
Edizione:1. vyd.
Soggetti:
Tags: Aggiungi Tag
Nessun Tag, puoi essere il primo ad aggiungerne!!

MARC

LEADER 00000nam a22000003a 4500
001 stu35404
005 20150617225731.1
008 920416s1984----cs------------------slo-d
040 |a STU  |b slo 
041 0 |a slo 
044 |a cs 
080 |a 159.9.072.53 
100 1 |a Daniel, Jozef  |4 aut 
245 1 |a Psychická záťaž v laboratórnych a terénnych podmienkach /  |c [aut.]Jozef Daniel 
250 |a 1. vyd. 
260 |a Bratislava :  |b Veda,  |c 1984 
300 |a 234 s 
650 7 |a stres  |2 stusub 
650 7 |a podmienky  |2 stusub 
996 |b 284M035477  |c M*1994-2  |l MMKN  |s A  |a 24  |w stu35404_0001 
996 |b 284M035478  |c M*1994-3  |l MMKN  |s A  |a 24  |w stu35404_0002 
996 |c V*26876/O-11230  |l VV2  |s P  |a 0  |w stu35404_0003 
996 |b 284M035479  |c M*1994-1  |l MMKN  |s A  |a 24  |w stu35404_0004